000 00883nam a2200277 a 4500
001
003 DO-SdBNP
005 20210818103238.0
008 090707s2005 dr 001 0 spa d
020 _a9993479330
040 _aDO-SdBNP
_bspa
_cBPMSU
082 _aRD864.44
_bM433e, 2005
_222
100 1 _aMatos Moquete, Manuel,
_d1944-
245 1 0 _aEn la espiral de los tiempos :
_bensayos /
_cManuel Matos Moquete.
246 1 4 _aEn la espiral de los tiempos
250 _a2a ed.
260 _aSanto Domingo :
_bBúho,
_c2005.
300 _a303 p. ;
_c23 cm.
500 _aIncluye datos biográficos del autor en la solapa de la cubierta
590 _6Inventariado, 2021/VM
650 4 _aEnsayos dominicanos
650 0 _aLiteratura dominicana.
651 4 _aRepública Dominicana
_xVida Intelectual
_xEnsayos, Conferencias, Etc.
910 _aVMateo V.
942 _2ddc
_cBK
999 _c13659
_d13659